| 000 | 00694pam a2200241 a 4500 | ||
|---|---|---|---|
| 001 | 1406901 | ||
| 005 | 20180214090755.0 | ||
| 008 | 831128s1984 paua b 001 0 eng | ||
| 010 | _a 83020384 | ||
| 020 | _a0721655149 | ||
| 040 |
_aDLC _cDLC _dDLC |
||
| 041 | _aeng | ||
| 060 | _aWB 400 K91n | ||
| 080 | _a615.854 MAR | ||
| 082 | 0 | 0 |
_a615.854 MAR _219 |
| 100 | 1 | _a9 | |
| 101 | _aNUT | ||
| 245 | 1 | 0 |
_aFood, nutrition, and diet therapy : _cMarie V. Krause, L. Kathleen Mahan. |
| 504 | _aIncludes bibliographies and index. | ||
| 740 | 0 | _aFood, nutrition & diet therapy. | |
| 906 |
_a7 _bcbc _corignew _d1 _eocip _f19 _gy-gencatlg |
||
| 942 |
_2ddc _cBK |
||
| 999 |
_c42537 _d42537 |
||